000 00780nam a2200289Ia 4500
005 20260324111845.0
008 008 260324s9999 xx 000 0 eng d
020 _a9781003469032
037 _aEBOOK
040 _aCRL
040 _beng
040 _cCRL
041 _2eng
041 _aeng
084 _qCRL
100 _aIstván M. Szijártó; László Kontler; Wim Blockmans
_91140306
245 0 _aParliamentarism in Northern and East-Central Europe in the Long Eighteenth Century
245 0 _bVolume II: Practices of Representation
260 _bTaylor and Francis
260 _c2025
365 _a
365 _b230
856 _uhttp://www.taylorfrancis.com/books/9781003469032
942 _cEBOOK
999 _c1729257
_d1729257